000 00597nam a2200205Ia 4500
008 191130s2005##################000#0#eng##
020 _a9780750660068
040 _aACL
_cACL
082 _a332.015118 KNI
100 _aKnight, John
245 _aLinear factor models in finance
_cJohn Knight , Stephen Satchell
260 _aAmsterdam
_bElsevier
_c2005
300 _axiv, 282 p. : ill. 24 cm
500 _aIncludes indexes
650 _aFinance -- Mathematical models
700 _aSatchell, Stephen
990 _a1a3c805cac10000c2e55f8daaf03a528
991 _a144986
999 _c233295
_d233295